<?xml version="1.0" encoding="UTF-8"?>
<record
    xmlns:xsi="http://www.w3.org/2001/XMLSchema-instance"
    xsi:schemaLocation="http://www.loc.gov/MARC21/slim http://www.loc.gov/standards/marcxml/schema/MARC21slim.xsd"
    xmlns="http://www.loc.gov/MARC21/slim">

  <leader>00564nam a22001577a 4500</leader>
  <controlfield tag="003">OSt</controlfield>
  <controlfield tag="005">20151104093346.0</controlfield>
  <controlfield tag="008">151104b        xxu||||| |||| 00| 0 eng d</controlfield>
  <datafield tag="040" ind1=" " ind2=" ">
    <subfield code="c">RUA</subfield>
  </datafield>
  <datafield tag="082" ind1=" " ind2=" ">
    <subfield code="a">FOR &#x1794;&#x17CA;&#x17B7;&#x1793; 1995 B121 Or.1</subfield>
  </datafield>
  <datafield tag="100" ind1=" " ind2=" ">
    <subfield code="9">3312</subfield>
    <subfield code="a">&#x1794;&#x17CA;&#x17B7;&#x1793; &#x1794;&#x17CA;&#x17BB;&#x1793;&#x1786;&#x17B6;&#x178F;</subfield>
  </datafield>
  <datafield tag="245" ind1=" " ind2=" ">
    <subfield code="a">&#x1780;&#x17B6;&#x179A;&#x179F;&#x17B7;&#x1780;&#x17D2;&#x179F;&#x17B6;&#x17A2;&#x17C6;&#x1796;&#x17B8;&#x1792;&#x17D2;&#x1799;&#x17BC;&#x1784;&#x1797;&#x1780;&#x17CB;&#x1793;&#x17C5;&#x1783;&#x17BB;&#x17C6;&#x1791;&#x17BD;&#x179B;&#x179F;&#x17D2;&#x178F;&#x17B8;&#x179F;&#x17D2;&#x179A;&#x17BB;&#x1780;&#x1785;&#x1793;&#x17D2;&#x1791;&#x17D2;&#x179A;&#x17B6;&#x1781;&#x17C1;&#x178F;&#x17D2;&#x178F;&#x179F;&#x17D2;&#x179C;&#x17B6;&#x1799;&#x179A;&#x17C0;&#x1784;</subfield>
  </datafield>
  <datafield tag="260" ind1=" " ind2=" ">
    <subfield code="a">Phnom Penh</subfield>
    <subfield code="b">RUA</subfield>
    <subfield code="c">1995</subfield>
  </datafield>
  <datafield tag="300" ind1=" " ind2=" ">
    <subfield code="a">56p.</subfield>
    <subfield code="b">ill.</subfield>
    <subfield code="c">29cm.</subfield>
  </datafield>
  <datafield tag="942" ind1=" " ind2=" ">
    <subfield code="2">ddc</subfield>
    <subfield code="c">FOR</subfield>
  </datafield>
  <datafield tag="999" ind1=" " ind2=" ">
    <subfield code="c">3091</subfield>
    <subfield code="d">3091</subfield>
  </datafield>
  <datafield tag="952" ind1=" " ind2=" ">
    <subfield code="0">0</subfield>
    <subfield code="1">0</subfield>
    <subfield code="2">ddc</subfield>
    <subfield code="4">0</subfield>
    <subfield code="6">FOR_&#x1794;&#x17B7;&#x1793;_1995_000000000000000_B121_OR_1</subfield>
    <subfield code="7">0</subfield>
    <subfield code="9">14618</subfield>
    <subfield code="a">LBB</subfield>
    <subfield code="b">LBB</subfield>
    <subfield code="c">B121</subfield>
    <subfield code="d">2015-11-04</subfield>
    <subfield code="o">FOR &#x1794;&#x17CA;&#x17B7;&#x1793; 1995 B121 Or.1</subfield>
    <subfield code="p">RUA010703</subfield>
    <subfield code="r">2015-11-04</subfield>
    <subfield code="w">2015-11-04</subfield>
    <subfield code="y">FOR</subfield>
  </datafield>
  <datafield tag="952" ind1=" " ind2=" ">
    <subfield code="0">0</subfield>
    <subfield code="1">0</subfield>
    <subfield code="2">ddc</subfield>
    <subfield code="4">0</subfield>
    <subfield code="6">FOR_&#x1794;&#x17B7;&#x1793;_1995_000000000000000_B121_OR_2</subfield>
    <subfield code="7">0</subfield>
    <subfield code="9">14619</subfield>
    <subfield code="a">LBB</subfield>
    <subfield code="b">LBB</subfield>
    <subfield code="c">B121</subfield>
    <subfield code="d">2015-11-04</subfield>
    <subfield code="o">FOR &#x1794;&#x17CA;&#x17B7;&#x1793; 1995 B121 Or.2</subfield>
    <subfield code="p">RUA026861</subfield>
    <subfield code="r">2015-11-04</subfield>
    <subfield code="w">2015-11-04</subfield>
    <subfield code="y">FOR</subfield>
  </datafield>
  <datafield tag="952" ind1=" " ind2=" ">
    <subfield code="0">0</subfield>
    <subfield code="1">0</subfield>
    <subfield code="2">ddc</subfield>
    <subfield code="4">0</subfield>
    <subfield code="6">FOR_&#x1794;&#x17B7;&#x1793;_1995_000000000000000_B121_OR_3</subfield>
    <subfield code="7">0</subfield>
    <subfield code="9">14620</subfield>
    <subfield code="a">LBB</subfield>
    <subfield code="b">LBB</subfield>
    <subfield code="c">B121</subfield>
    <subfield code="d">2015-11-04</subfield>
    <subfield code="o">FOR &#x1794;&#x17CA;&#x17B7;&#x1793; 1995 B121 Or.3</subfield>
    <subfield code="p">RUA010790</subfield>
    <subfield code="r">2015-11-04</subfield>
    <subfield code="w">2015-11-04</subfield>
    <subfield code="y">FOR</subfield>
  </datafield>
  <datafield tag="952" ind1=" " ind2=" ">
    <subfield code="0">0</subfield>
    <subfield code="1">0</subfield>
    <subfield code="2">ddc</subfield>
    <subfield code="4">0</subfield>
    <subfield code="6">FOR_&#x1794;&#x17B7;&#x1793;_1995_000000000000000_B121_OR_4</subfield>
    <subfield code="7">0</subfield>
    <subfield code="9">14621</subfield>
    <subfield code="a">LBB</subfield>
    <subfield code="b">LBB</subfield>
    <subfield code="c">B121</subfield>
    <subfield code="d">2015-11-04</subfield>
    <subfield code="o">FOR &#x1794;&#x17CA;&#x17B7;&#x1793; 1995 B121 Or.4</subfield>
    <subfield code="p">RUA010649</subfield>
    <subfield code="r">2015-11-04</subfield>
    <subfield code="w">2015-11-04</subfield>
    <subfield code="y">FOR</subfield>
  </datafield>
  <datafield tag="952" ind1=" " ind2=" ">
    <subfield code="0">0</subfield>
    <subfield code="1">0</subfield>
    <subfield code="2">ddc</subfield>
    <subfield code="4">0</subfield>
    <subfield code="6">FOR_&#x1794;&#x17B7;&#x1793;_1995_000000000000000_B121_OR_5</subfield>
    <subfield code="7">0</subfield>
    <subfield code="9">14622</subfield>
    <subfield code="a">LBB</subfield>
    <subfield code="b">LBB</subfield>
    <subfield code="c">B121</subfield>
    <subfield code="d">2015-11-04</subfield>
    <subfield code="o">FOR &#x1794;&#x17CA;&#x17B7;&#x1793; 1995 B121 Or.5</subfield>
    <subfield code="p">RUA010646</subfield>
    <subfield code="r">2015-11-04</subfield>
    <subfield code="w">2015-11-04</subfield>
    <subfield code="y">FOR</subfield>
  </datafield>
</record>
